An Inquiry in to the Natural Causes of the Wealth of Nations (Record no. 276852)

000 -LEADER
fixed length control field 00260 a2200097 4500
001 - CONTROL NUMBER
control field 41779
090 ## - LOCALLY ASSIGNED LC-TYPE CALL NUMBER (OCLC); LOCAL CALL NUMBER (RLIN)
-- 25890
-- 25890
100 ## - MAIN ENTRY--PERSONAL NAME
Personal name Smith A
245 ## - TITLE STATEMENT
Title An Inquiry in to the Natural Causes of the Wealth of Nations
260 ## - PUBLICATION, DISTRIBUTION, ETC.
Place of publication, distribution, etc. London
Name of publisher, distributor, etc. Encyclopedia Britannica
Date of publication, distribution, etc.
942 ## - ADDED ENTRY ELEMENTS (KOHA)
Institution code [OBSOLETE] NUST-CAE
Koha item type
--
Holdings
Withdrawn status Lost status Damaged status Not for loan Collection code Permanent Location Current Location Date acquired Total Checkouts Barcode Date last seen Price effective from Koha item type
          College of Aeronautical Engineering (CAE) College of Aeronautical Engineering (CAE) 04/03/2017   CAE43202 04/05/2017 04/05/2017 Book
© 2023 Central Library, National University of Sciences and Technology. All Rights Reserved.